[Event "AUTO-OPEN-4269"]
[Site "http://www.queenalice.com/game.php?id=1648229"]
[Date "2021.3.30"]
[Round "1"]
[White "carlitomontana93270"]
[Black "APSHOOTER"]
[Result "1-0"]
[WhiteElo "1707"]
[BlackElo "1596"]

1. c4 e5 2. e3 Nc6 3. d3 Bb4+ 4. Bd2 Nf6 5. Nf3 h6 6. Be2 d6 7. O-O Bg4 8. Nc3
a6 9. a3 Bxc3 10. Bxc3 Qd7 11. h3 Bh5 12. d4 exd4 13. exd4 O-O-O 14. d5 Ne5 15.
Nxe5 Bxe2 16. Qxe2 dxe5 17. Qxe5 Rhe8 18. Qg3 Ne4 19. Qd3 Nxc3 20. Qxc3 Re5 21.
Qxe5 f6 22. Qe6 Qxe6 23. dxe6 1-0

[Event "AUTO-INT-3635"]
[Site "http://www.queenalice.com/game.php?id=1764081"]
[Date "2021.7.10"]
[Round "2"]
[White "APSHOOTER"]
[Black "Capixaba789"]
[Result "1-0"]
[WhiteElo "1630"]
[BlackElo "1754"]

1. e4 e5 2. Bc4 Nc6 3. a3 Nf6 4. d3 Be7 5. h3 d6 6. Nc3 a6 7. Nf3 Be6 8. Bxe6
fxe6 9. Be3 d5 10. exd5 exd5 11. d4 e4 12. Ne5 Nxe5 13. dxe5 Nd7 14. Nxd5 O-O
15. Nxe7+ Qxe7 16. Qd5+ Kh8 17. Qxb7 Nxe5 18. O-O Rfb8 19. Qxe4 Qf6 20. Bd4 Re8
21. Bxe5 Qxe5 22. Qxe5 Rxe5 23. Rfe1 Rae8 24. Rxe5 Rxe5 25. Kf1 1-0

[Event "AUTO-INT-3635"]
[Site "http://www.queenalice.com/game.php?id=1764082"]
[Date "2021.7.10"]
[Round "2"]
[White "Capixaba789"]
[Black "APSHOOTER"]
[Result "0-1"]
[WhiteElo "1697"]
[BlackElo "1651"]

1. e4 e5 2. Nf3 d6 3. Bc4 Nf6 4. d3 h6 5. Nc3 a6 6. Be3 Nc6 7. O-O Qe7 8. Nd5
Nxd5 9. Bxd5 Bd7 10. a3 Bg4 11. b4 Bxf3 12. Qxf3 Qd7 13. a4 Nxb4 14. Bb3 f6 15.
Qh5+ Ke7 16. Qf7+ Kd8 17. Qc4 Nc6 18. a5 Be7 19. f4 g5 20. f5 h5 21. Qc3 h4 22.
h3 g4 23. hxg4 h3 24. g3 h2+ 25. Kh1 Rh3 26. Bf2 Nd4 27. Bxd4 exd4 28. Qe1 c6
29. Qf2 Kc7 30. Be6 Qe8 31. Rfb1 c5 32. Rb6 Kb8 33. Rab1 Ra7 34. Bd5 Bd8 35.
Rxb7+ Rxb7 36. Bxb7 Qe5 37. Bxa6+ Ka7 38. Bc4 Rxg3 39. Bd5 Bxa5 40. Qxh2 Rxg4
41. Qh7+ Ka6 42. Bb7+ Ka7 43. Bc8+ Ka8 44. Bb7+ Kb8 45. Ba6+ Ka8 46. Bb7+ Kb8
47. Ba6+ Ka8 48. Bb7+ Kb8 49. Ba6+ Ka8 50. Bb7+ Kb8 51. Ba6+ Ka8 52. Rb8+ Kxb8
53. Qc7+ Bxc7 54. c3 Qg3 55. cxd4 Qxd3 56. Kh2 Qg3+ 57. Kh1 Rxe4 58. dxc5 dxc5
59. Bc4 Re1+ 60. Bf1 Qh3+ 61. Kg1 Bh2+ 62. Kf2 Bg3+ 63. Kg1 Qxf5 64. Kg2 Qxf1+
65. Kxg3 Re8 66. Kg4 Rg8+ 67. Kh4 c4 68. Kh5 c3 69. Kh6 c2 70. Kh7 Qg2 71. Kh6
c1=Q+ 72. Kh7 Qc7+ 73. Kh6 f5 74. Kh5 f4 75. Kh4 f3 76. Kh5 f2 77. Kh4 f1=Q 78.
Kh5 Qe5+ 79. Kh6 Qff6+ 80. Kh7 Qh1+ 81. Kxg8 Qg2+ 82. Kh7 Qf7+ 83. Kh6 Qff4+ 84.
Kh7 Qg8+ 0-1

[Event "AUTO-INT-3635"]
[Site "http://www.queenalice.com/game.php?id=1764083"]
[Date "2021.7.10"]
[Round "2"]
[White "APSHOOTER"]
[Black "dimitridruloza2012"]
[Result "0-1"]
[WhiteElo "1643"]
[BlackElo "1719"]

1. e4 e5 2. Bc4 Nf6 3. d3 d6 4. h3 Nc6 5. a3 Be7 6. Nc3 O-O 7. Nf3 a5 8. Be3 b6
9. Nd5 Be6 10. Nxf6+ Bxf6 11. Bxe6 fxe6 12. Qd2 Bh4 13. Nxh4 Qxh4 14. O-O-O d5
15. g3 Qe7 16. h4 Rad8 17. Bg5 Qc5 18. Bxd8 Nxd8 19. exd5 Rxf2 20. Qg5 Qxc2# 0-1

[Event "AUTO-INT-3635"]
[Site "http://www.queenalice.com/game.php?id=1764084"]
[Date "2021.7.10"]
[Round "2"]
[White "dimitridruloza2012"]
[Black "APSHOOTER"]
[Result "1-0"]
[WhiteElo "1690"]
[BlackElo "1669"]

1. d4 d5 2. e3 a6 3. Nf3 Nc6 4. Nc3 e6 5. Bd3 h6 6. O-O Nf6 7. a4 Bb4 8. Ne2 Bd7
9. c3 Bd6 10. b4 Ne7 11. a5 Bb5 12. Bxb5+ axb5 13. Qd3 Ne4 14. Qxb5+ Nc6 15.
Qxb7 Ne7 16. Qb5+ c6 17. Qa4 O-O 18. Nf4 g5 19. Nh5 Kh7 20. Qc2 Kg6 21. g4 f5
22. Ng3 f4 23. Nxe4 dxe4 24. Qxe4+ Kf7 25. Qh7+ Ke8 26. Qxh6 Ng8 27. Qxe6+ Qe7
28. Qg6+ Kd7 29. Nxg5 fxe3 30. Bxe3 Rf6 31. Qd3 Nh6 32. h3 Bf4 33. Bxf4 Rxf4 34.
Qg6 Nxg4 35. Rae1 Qf6 36. Qxf6 Rxf6 37. hxg4 Rg8 38. f4 Rh8 39. Ne4 Rfh6 40. Kf2
Rh2+ 41. Kf3 R8h3+ 42. Ng3 Rc2 43. Re3 Rg2 44. Kxg2 Rxg3+ 45. Kxg3 Kd8 46. Rfe1
Kc8 47. Re8+ Kc7 48. R1e6 Kb7 49. b5 cxb5 50. a6+ Ka7 51. R8e7+ Ka8 52. Rb7 b4
53. Rxb4 Ka7 54. Rb7+ Ka8 55. Rh7 Kb8 56. a7+ Ka8 57. Re8# 1-0

[Event "AUTO-INT-3642"]
[Site "http://www.queenalice.com/game.php?id=1769386"]
[Date "2021.9.10"]
[Round "2"]
[White "APSHOOTER"]
[Black "Capixaba789"]
[Result "1-0"]
[WhiteElo "1717"]
[BlackElo "1794"]

1. e4 e5 2. Bc4 Nf6 3. d3 Bc5 4. h3 d5 5. exd5 O-O 6. Bg5 Bf5 7. a3 h6 8. Bh4 g5
9. Bg3 e4 10. d4 Bb6 11. Be5 Nxd5 12. Qh5 Kh7 13. Ne2 c6 14. Ng3 Bg6 15. Qe2 Nd7
16. Bxd5 cxd5 17. Nc3 Re8 18. O-O-O f6 19. Bd6 Rc8 20. Nxd5 Nf8 21. Nxb6 Qxb6
22. Bc5 Qc6 23. Qe3 Nd7 24. Rd2 Nxc5 25. dxc5 f5 26. Rd6 Qb5 27. Rhd1 f4 28.
Rd7+ Kg8 29. Qd4 Bf7 30. Nf5 Rc6 31. Qg7# 1-0

[Event "AUTO-INT-3642"]
[Site "http://www.queenalice.com/game.php?id=1769387"]
[Date "2021.9.10"]
[Round "2"]
[White "Capixaba789"]
[Black "APSHOOTER"]
[Result "1-0"]
[WhiteElo "1793"]
[BlackElo "1730"]

1. e4 e5 2. Nf3 d6 3. Bc4 h6 4. d4 Bg4 5. dxe5 Nc6 6. exd6 Bxd6 7. O-O a6 8. Re1
Ne5 9. Qd5 Bxf3 10. gxf3 Nxf3+ 11. Kf1 Nxh2+ 12. Ke2 Qf6 13. e5 Qf3+ 14. Qxf3
Nxf3 15. Kxf3 Bc5 16. Bf4 O-O-O 17. Nc3 Ne7 18. Rad1 Nc6 19. Rxd8+ Rxd8 20. Bxf7
Nd4+ 21. Kg2 Nxc2 22. Re2 Nd4 23. Re4 Rf8 24. Rxd4 Bxd4 25. e6 Bf6 26. Nd5 Kd8
27. Nxc7 Ke7 28. Nd5+ 1-0

[Event "AUTO-INT-3642"]
[Site "http://www.queenalice.com/game.php?id=1769388"]
[Date "2021.9.10"]
[Round "2"]
[White "APSHOOTER"]
[Black "Ditto"]
[Result "1-0"]
[WhiteElo "1714"]
[BlackElo "1683"]

1. e4 e5 2. Bc4 Nc6 3. a3 Bc5 4. d3 d6 5. h3 a6 6. Nf3 h6 7. Nc3 Bd7 8. Qe2 Nd4
9. Bd5 c6 10. Nxd4 Bxd4 11. Bb3 Qf6 12. Be3 Bxc3+ 13. bxc3 Ne7 14. Bb6 Qg5 15.
f3 Ng6 16. Be3 Qd8 17. Qf2 Qa5 18. Bd2 Qd8 19. O-O-O b5 20. c4 Be6 21. g3 a5 22.
cxb5 cxb5 23. Kb2 Bxb3 24. cxb3 O-O 25. h4 d5 26. Qc5 dxe4 27. dxe4 Qb8 28. h5
Nh8 29. Bc3 Rc8 30. Qxe5 Qxe5 31. Bxe5 f6 32. Bc3 Nf7 33. Rd7 a4 34. b4 Ng5 35.
Rhd1 Nxf3 36. Rb7 Ng5 37. Rdd7 Ne6 38. Re7 Re8 39. e5 f5 40. Rxe8+ Rxe8 41. Rxb5
Rd8 42. Ra5 Rd3 43. Rxa4 Rxg3 44. Ra6 Nc7 45. Rc6 Nd5 46. Rc8+ Kf7 47. Rc6 Ke7
48. b5 Rh3 49. b6 Rh2+ 50. Kb3 Kd7 51. Rd6+ Kc8 52. e6 Nf4 53. Bxg7 Rh3+ 54. Ka4
Nxh5 55. Bxh6 f4 56. Rc6+ Kb7 57. e7 Re3 58. Rc7+ Kxb6 59. Rd7 Kc6 60. Ra7 Re4+
61. Ka5 f3 62. Ra6+ Kd7 63. Bf8 f2 64. Ra7+ Ke8 65. Ra8+ Kf7 66. Bh6 Rxe7 67.
Rf8+ Kg6 68. Bd2 Rf7 69. Rxf7 Kxf7 70. a4 f1=Q 71. Kb4 Ke6 72. a5 Qa6 73. Bc3
Nf4 74. Bh8 Nd5+ 75. Kb3 Qxa5 76. Kc4 Kd6 77. Bc3 Qc5+ 78. Kd3 Qxc3+ 79. Ke4
Qe3+ 80. Kf5 Qf4+ 81. Kg6 Qe5 82. Kf7 Qf6+ 83. Ke8 1-0

[Event "AUTO-INT-3642"]
[Site "http://www.queenalice.com/game.php?id=1769389"]
[Date "2021.9.10"]
[Round "2"]
[White "Ditto"]
[Black "APSHOOTER"]
[Result "0-1"]
[WhiteElo "1659"]
[BlackElo "1706"]

1. e4 e5 2. Nf3 d6 3. Bc4 h6 4. d3 Nc6 5. c3 Nf6 6. O-O Bg4 7. Nbd2 a6 8. Re1
Qd7 9. b4 b5 10. Bb3 O-O-O 11. a4 Na7 12. Qe2 Kb7 13. axb5 Nxb5 14. Bb2 Be7 15.
Ra5 Ra8 16. Ba4 Rhb8 17. Ra1 Kc8 18. Qe3 c6 19. Bb3 Be6 20. c4 Nc7 21. Ba4 Rxb4
22. Bc3 Rb7 23. d4 Rab8 24. d5 Ng4 25. Qe2 Qd8 26. Bd1 Bd7 27. Nb3 f5 28. exf5
c5 29. Bc2 Nf6 30. Nh4 Be8 31. R5a2 Bd7 32. Ba5 Ng8 33. Nf3 Qf8 34. Bc3 Bxf5 35.
Bxf5+ Qxf5 36. Nbd2 Rb1+ 37. Nf1 Nf6 38. Nd2 Rxa1 39. Rxa1 Kd7 40. Ng3 Qc2 41.
Ba5 Rb2 42. h3 Ra2 43. Rxa2 Qxa2 44. Bc3 Qa3 45. Nf5 Qc1+ 46. Kh2 Qxc3 47. Nxg7
a5 48. Nf5 a4 49. Nxh6 a3 50. Nb1 Qb2 51. Qf1 a2 52. f4 axb1=Q 53. Qf3 Qg6 54.
fxe5 Qxh6 55. exf6 Qbxf6 56. Qg4+ Kd8 57. Qg8+ Qff8 58. Qg4 Qg5 59. Qd1 Qff4+
60. Kh1 Qgg3 61. Qg1 Qxc4 62. Qb1 Qe2 63. Qg1 Nxd5 0-1

[Event "AUTO-INT-3627"]
[Site "http://www.queenalice.com/game.php?id=1770755"]
[Date "2021.9.26"]
[Round "2"]
[White "APSHOOTER"]
[Black "ungern"]
[Result "0-1"]
[WhiteElo "1682"]
[BlackElo "1482"]

1. e4 e5 2. Bc4 d6 3. h3 Nf6 4. d3 Be7 5. Nc3 Be6 6. Bxe6 fxe6 7. Nf3 Nc6 8. a3
d5 9. Bg5 h6 10. Bxf6 Bxf6 11. Qd2 Qe7 12. exd5 exd5 13. Nxd5 Qf7 14. Nxf6+ Qxf6
15. O-O-O O-O-O 16. Rde1 Nd4 17. Nxe5 g5 18. Re4 Ne6 19. g3 Rhe8 20. Rhe1 Nc5
21. Ng4 Qc6 22. Rxe8 Rxe8 23. Rxe8+ Qxe8 24. Nxh6 Qh5 25. Nf5 Qxh3 26. Qxg5 Qf1+
27. Kd2 Qxf2+ 28. Kc3 Qe1+ 29. Kd4 Ne6+ 0-1

[Event "AUTO-INT-3627"]
[Site "http://www.queenalice.com/game.php?id=1770756"]
[Date "2021.9.26"]
[Round "2"]
[White "ungern"]
[Black "APSHOOTER"]
[Result "0-1"]
[WhiteElo "1506"]
[BlackElo "1658"]

1. e4 e5 2. Nc3 Nf6 3. Nf3 d6 4. Bd3 Bg4 5. Be2 h6 6. d3 a6 7. Be3 Nc6 8. Qd2
Be7 9. O-O-O Qd7 10. h3 Be6 11. g4 Nd4 12. Nxd4 exd4 13. Bxd4 O-O-O 14. f4 Qc6
15. Bf3 Qd7 16. e5 dxe5 17. Bxe5 Nd5 18. Bxd5 Bxd5 19. Nxd5 Qxd5 20. b3 Ba3+ 21.
Bb2 Bxb2+ 22. Kxb2 Rhe8 23. h4 Qd4+ 24. c3 Qe3 25. d4 Qf3 26. g5 Re2 27. Qxe2
Qxe2+ 28. Kb1 Qe4+ 29. Kc1 Qxf4+ 30. Kb1 hxg5 31. hxg5 Qxg5 32. Rde1 b6 33. Re7
Qxe7 0-1

[Event "AUTO-INT-3627"]
[Site "http://www.queenalice.com/game.php?id=1770757"]
[Date "2021.9.26"]
[Round "2"]
[White "APSHOOTER"]
[Black "BobFicha"]
[Result "0-1"]
[WhiteElo "1692"]
[BlackElo "1835"]

1. e4 e5 2. Nf3 Nc6 3. a3 Bc5 4. Nc3 Nf6 5. h3 d5 6. Bb5 Qd6 7. Bxc6+ Qxc6 8.
Nxe5 Qe6 9. d4 Bb6 10. Be3 dxe4 11. Qe2 O-O 12. O-O-O c6 13. g4 Bc7 14. f4 Ba5
15. g5 Bxc3 16. bxc3 Nd7 17. h4 Nxe5 18. dxe5 Qa2 19. Kd2 Qxa3 20. Ke1 Qxc3+ 21.
Kf2 Bf5 22. Rd6 a6 23. Rhd1 a5 24. Bd2 Qxc2 25. Qe3 Qxd1 26. Bc3 Qc2+ 27. Rd2
Qa4 28. Qb6 Qb5 29. Qxb5 cxb5 0-1

[Event "AUTO-INT-3627"]
[Site "http://www.queenalice.com/game.php?id=1770758"]
[Date "2021.9.26"]
[Round "2"]
[White "BobFicha"]
[Black "APSHOOTER"]
[Result "1-0"]
[WhiteElo "1749"]
[BlackElo "1721"]

1. e4 e5 2. Nf3 d6 3. Bc4 Bg4 4. h3 Bh5 5. g4 Bg6 6. d3 Be7 7. Be3 Nc6 8. Nc3 a6
9. Qd2 Nf6 10. Nh4 h6 11. Nxg6 fxg6 12. O-O-O Qd7 13. f4 O-O-O 14. f5 gxf5 15.
gxf5 Nd4 16. Bxd4 exd4 17. Be6 dxc3 18. Qxc3 Kb8 19. Bxd7 Rxd7 20. Rhe1 1-0

[Event "AUTO-INT-3627"]
[Site "http://www.queenalice.com/game.php?id=1770759"]
[Date "2021.9.26"]
[Round "2"]
[White "APSHOOTER"]
[Black "JoseMessias"]
[Result "0-1"]
[WhiteElo "1706"]
[BlackElo "1763"]

1. e4 e5 2. Bc4 Nf6 3. d3 Nc6 4. Nf3 Bc5 5. h3 Na5 6. Nbd2 c6 7. a3 d5 8. Ba2
Qb6 9. Qe2 d4 10. Nxe5 O-O 11. Ndf3 Be6 12. Bxe6 fxe6 13. Bg5 Qxb2 14. O-O Bxa3
15. Rfb1 Qc3 16. Bd2 Qc5 17. Bxa5 Qxa5 18. Nc4 Qc5 19. Nxd4 Qxd4 20. Rxa3 b5 21.
Ne3 b4 22. Ra4 a5 23. Nc4 Nh5 24. Ne3 Nf4 25. Qd2 Rf6 26. Ng4 Rf7 27. Rba1 h5
28. Qe3 Qxe3 29. Nxe3 Ne2+ 30. Kf1 Nc3 31. Rxb4 Raf8 32. Rxa5 Rxf2+ 33. Kg1 Ne2+
34. Kh2 Nf4 35. Re5 Rf6 36. Rb8+ Kh7 37. Kg3 Ne2+ 38. Kh2 g6 39. Rb7+ Kh6 40.
Rb6 R6f3 41. Rxc6 Rxe3 42. Rcxe6 Nf4 0-1

[Event "AUTO-INT-3627"]
[Site "http://www.queenalice.com/game.php?id=1770760"]
[Date "2021.9.26"]
[Round "2"]
[White "JoseMessias"]
[Black "APSHOOTER"]
[Result "1-0"]
[WhiteElo "1766"]
[BlackElo "1736"]

1. f4 d5 2. e3 Nf6 3. g3 a6 4. Bh3 Bxh3 5. Nxh3 h6 6. g4 Ne4 7. d3 Nd6 8. f5 Nc6
9. Qf3 d4 10. e4 e6 11. fxe6 fxe6 12. Nf4 Qh4+ 13. Qf2 Qxg4 14. h3 Qg5 15. Rg1
Qf6 16. Rg6 Qf7 17. Rxe6+ Kd7 18. e5 Re8 19. Rxe8 Nxe8 20. e6+ Qxe6+ 21. Nxe6
Kxe6 22. Qe2+ Kd7 23. Na3 Bxa3 24. bxa3 Nd6 25. Qg4+ 1-0

[Event "AUTO-INT-3631"]
[Site "http://www.queenalice.com/game.php?id=1779117"]
[Date "2022.1.3"]
[Round "2"]
[White "APSHOOTER"]
[Black "BobFicha"]
[Result "0-1"]
[WhiteElo "1712"]
[BlackElo "1969"]

1. e4 e5 2. Bc4 Nf6 3. d3 Nc6 4. Nf3 h6 5. a3 d5 6. Bb5 Bd7 7. Nc3 d4 8. Ne2 Bd6
9. Bd2 Qe7 10. Ng3 a6 11. Bc4 Bg4 12. h3 Be6 13. Bxe6 Qxe6 14. Nf5 Rh7 15. Bb4
Bxb4+ 16. axb4 g6 17. Ng3 Nxb4 18. Qd2 c5 19. c4 a5 20. b3 b6 21. O-O Nd7 22.
Ne2 g5 23. Ng3 Qg6 24. Nh2 O-O-O 25. Nh1 h5 26. f3 Rf8 27. Rf2 f5 28. Raf1 f4
29. Qe2 Nf6 30. g3 fxg3 31. Rg2 gxh2+ 32. Rxh2 h4 33. Qg2 Nxd3 34. Nf2 Nf4 35.
Qh1 N6h5 36. Rg2 Ng3 37. Rxg3 hxg3 38. Re1 gxf2+ 0-1

[Event "AUTO-INT-3631"]
[Site "http://www.queenalice.com/game.php?id=1779118"]
[Date "2022.1.3"]
[Round "2"]
[White "BobFicha"]
[Black "APSHOOTER"]
[Result "1-0"]
[WhiteElo "1975"]
[BlackElo "1720"]

1. e4 e5 2. Nf3 d6 3. Bc4 h6 4. Nc3 a6 5. d4 Bg4 6. Qd3 Qe7 7. d5 Nd7 8. Be3
Bxf3 9. gxf3 Qf6 10. Qe2 Nc5 11. Bxc5 dxc5 12. Qe3 Bd6 13. O-O-O Ne7 14. h4 Ng6
15. h5 Nf4 16. Rdg1 O-O-O 17. Bf1 Kb8 18. Na4 b5 19. Nxc5 Bxc5 20. Qxc5 Rd6 21.
a4 Kb7 22. axb5 axb5 23. Qxb5+ Rb6 24. Qc4 g5 25. b3 Ra8 26. Kb2 Qd6 27. Bd3
Qa3+ 28. Kc3 Qa5+ 29. Kb2 Qa2+ 30. Kc3 Qa5+ 31. Kb2 Qa2+ 32. Kc1 Nxd3+ 33. Qxd3
Qa1+ 34. Kd2 Qd4 35. Qxd4 exd4 36. Rg4 f5 37. Rgg1 f4 38. Kd3 c5 39. Rb1 Ra3 40.
e5 Rb4 41. Ra1 c4+ 42. Ke4 Rxa1 43. Rxa1 cxb3 44. cxb3 d3+ 45. Kxd3 Rxb3+ 46.
Ke4 Rb6 47. Kf5 Kc7 48. d6+ Kd7 49. Rd1 Kd8 50. Kg6 Kd7 51. Kxh6 Ke6 52. Kxg5
Rxd6 53. exd6 Kd7 54. Kf6 Ke8 55. d7+ Kf8 56. d8=N Kg8 57. Kg6 Kf8 58. Re1 Kg8
59. Re7 Kh8 60. h6 Kg8 61. Rh7 Kf8 62. Rg7 Ke8 63. h7 Kxd8 64. h8=B Ke8 65. Ra7
Kf8 66. Rb7 Kg8 67. Be5 Kf8 68. Rh7 Kg8 69. Bxf4 Kf8 70. Ra7 Kg8 71. Rg7+ Kh8
72. Rb7 Kg8 73. Ra7 Kf8 74. Kh7 Ke8 75. Kg7 Kd8 76. Ra8+ Kd7 77. Kf6 Kc6 78. Rd8
Kb5 79. Rc8 Kb6 80. Rc7 Kb5 81. Ke6 Kb6 82. Kd6 Kb5 83. Rc8 Kb4 84. Kd5 Kb5 85.
Rb8+ Ka6 86. Kc5 Ka5 87. Be5 Ka6 88. Rb1 Ka5 89. f4 Ka4 90. f5 Ka3 91. f6 Ka2
92. Rb7 Ka3 93. f7 Ka4 94. f8=Q Ka3 95. Kc4+ Ka4 96. Rb4+ Ka5 97. Qb8 Ka6 98. f4
Ka5 99. Bc7+ Ka6 100. Qb5+ Ka7 101. f5 Ka8 102. Qc6+ Ka7 103. Qa6+ Kxa6 104. Rb7
Kxb7 105. Kd3 Kxc7 106. Kc2 Kd7 107. Kb1 Ke7 108. Ka2 Kf6 109. Ka1 Kxf5 110. Kb2
Ke5 111. Ka1 1-0